Thrift Shop - Macklemore & Ryan Lewis Feat. Wanz - All Lyrics - Statistics

General Stats
  • This quiz has been taken 190 times
    146 since last reset
  • The average score is 438 of 675
Answer Stats
Answer % Correct
I
100%
"Yo,
100%
ba-da,
99%
ba-dum,
99%
(Da)
99%
(Da-dum,
99%
Da-dum,
99%
do-da)
99%
do-da
99%
a
98%
go
97%
(piss)
96%
built-in
95%
Hey,
95%
in
95%
yeah)
95%
"Ah,
94%
do
94%
Hahaha
94%
"Oh,
94%
ace
93%
dollars
93%
got
93%
I'm
93%
I’m,
93%
I'm,
93%
I’m
93%
I'ma
93%
on
93%
so
93%
This
93%
this,
93%
this
93%
is
92%
Is
92%
my
92%
pocket
91%
gonna
90%
twenty
90%
for
89%
fur
89%
R.
89%
shop
89%
some
89%
thrift
89%
fuck
88%
Only
88%
look
87%
pop
87%
fucking
86%
the
86%
The
86%
we
85%
awesome
84%
me
84%
he
82%
tags
81%
tags,
81%
what,
81%
what?
81%
"What
81%
What
81%
What-what,
81%
you
81%
big-ass
80%
(Big-ass
80%
lookin'
80%
button-up
79%
up
79%
up?
79%
grandma's
77%
can
76%
that
76%
that,
76%
That
76%
your
76%
Your
76%
big
75%
Nah,
72%
as
70%
like,
70%
like
70%
Macklemore,
70%
to
70%
down
68%
from
68%
From
68%
shopping?
68%
come
67%
it
65%
it,
65%
shit
65%
shit,
65%
clothes
64%
coat
63%
coat)
63%
coat?
63%
wear
63%
cock"
62%
No,
61%
no
61%
that's
61%
That's
61%
Walk
58%
road
57%
was
57%
granddad
56%
cold-ass
55%
be
54%
bought
54%
cents
54%
incredible
54%
But
53%
club
52%
damn
52%
"Damn,
52%
just
52%
ninety-nine
52%
hell
51%
hella
51%
T-shirt”
51%
T-shirt,
51%
about
50%
'bout
50%
and
49%
have
49%
fifty
48%
Fifty
48%
get
48%
then
48%
huntin',
46%
I'll
46%
I’ll
46%
into
46%
man,
46%
Man,
46%
shoes,
46%
grandpa,
45%
people
45%
honkey"
43%
Kelly
43%
know
43%
One
43%
one
43%
real,
43%
shirt
43%
those
43%
granddad's
42%
keyboard,
41%
keyboard
41%
are
40%
by
40%
his
40%
broken
39%
all
38%
hand
38%
sheets
38%
smells
38%
mama,
37%
mammy
37%
rock
37%
take
37%
another
36%
ask
36%
Ice
35%
man's
35%
not,
35%
not
35%
board
34%
downs?
34%
green
34%
had
34%
knee
34%
let's
34%
They
34%
they
34%
trash,
34%
wearin'
33%
with
33%
gator
32%
pumped,
32%
simple
32%
style,
32%
style
32%
diggin'
31%
Hello,
31%
hello,
31%
right
31%
addition
30%
bitch
30%
blanket,
30%
call
30%
frosty
30%
girl
30%
grandpa's
30%
Gucci?
30%
Pro
30%
Rollin'
30%
through
30%
won’t
30%
won't
30%
'cept
29%
'em
29%
motherfucker
29%
now,
29%
pink
29%
at
28%
diggin',
28%
fox
28%
jacket
27%
poppin'
27%
rockin'
27%
socks
27%
been
26%
Dressed
26%
fringe
26%
getting
26%
luggage
26%
searchin'
26%
Velcros"
26%
auntie,
25%
'cause
25%
deep,
25%
don’t
25%
edition,
25%
Goodwill,
25%
(Goodwill,
25%
has
25%
mezzanine
25%
noggin?
25%
Probably
25%
should've
25%
skin?
25%
walkin'
25%
washed
25%
bargain,
24%
business
24%
tight”
24%
found
23%
here
23%
house
23%
money
23%
nothing
23%
Thank
23%
could
22%
Limited
22%
other
22%
sneaker
22%
swindled
22%
cool,
21%
heads
21%
next
21%
ain't
20%
am
20%
Coppin'
20%
dope,
20%
else
20%
find
20%
flannel
20%
game,
20%
John
20%
jumpsuit
20%
leather
20%
leopard
20%
make
20%
mink,
20%
moccasins
20%
someone
20%
standin'
20%
stop
20%
washin'
20%
Wayne
20%
zebra
20%
girls
19%
headed
19%
ignorant
19%
same
19%
shirt's
19%
slippers
19%
telescope
19%
wolf
19%
compliments
18%
Passin'
18%
pimped
18%
skeet
18%
tricked
18%
grammy,
17%
happy,
17%
jammies
17%
onesie
17%
Tryna
17%
brand?
16%
Dookie-brown
16%
Draped
16%
sell
16%
six
16%
would
16%
donatin'
15%
Peep
15%
second
15%
mellow
13%
Velour
13%
plaid
12%
saving
11%
Wings,
11%
hit
10%
knowin'
10%
section
10%
flossin',
9%
stuntin'
9%
Bummy
7%
grungy,
7%
having
7%
party
7%
stuck
7%
stunting
7%
No matching quizzes found
Score Distribution
Percent of People with Each Score
Percentile by Number Answered
Your Score History
You have not taken this quiz since the last reset